000 00508nam a2200217Ia 4500
008 210210b1963 xxu||||| |||| 00| 0 eng d
041 _aeng
082 _a540 KEEG
100 _aKEENAN (Charles William)
245 _aGeneral college chemistry Ed 2
260 _aNew York
_bHarper & Row
_c1963
300 _aviii,750
650 _aGeneral
650 _aEd
650 _acollege
650 _achemistry
650 _a2
690 _aChemistry
700 _aWOOD (Jesse Hermon)
906 _a009194
999 _c149770
_d149770